| 000 | 00701cam a22002172 4500 | ||
|---|---|---|---|
| 001 | 0000000361 | ||
| 005 | 20151021151047.0 | ||
| 008 | 070124s xx 000 0 eng d | ||
| 020 |
_a087891837X : _cKES 2,950 (set) |
||
| 040 |
_aKABU _cKABU |
||
| 050 | 0 |
_aQA76.9 _b.D35S66 2000 |
|
| 100 | 1 |
_aSmolarski, Dennis C. _@0000148427 |
|
| 245 | 1 | 4 |
_aThe Essentials of data structures II / _cDennis C. Smolarski. |
| 260 |
_aPiscataway, NJ : _bResearch & Education Association, _c2000. |
||
| 300 | _avi, 200 p. | ||
| 362 | 0 | _avol. 2. | |
| 650 | 0 |
_aData structures (Computer science) _@0000148379 |
|
| 908 | _a070124 | ||
| 950 | _@1 | ||
| 999 |
_c215 _d215 |
||